[Event "X Open Marco Gerolamo Vida A"]
[Site "Cremona ITA"]
[Date "2011.04.16"]
[Round "3"]
[White "Salami, Marco"]
[Black "Stella, Luca"]
[Result "1-0"]
[WhiteElo "2206"]
[BlackElo "2064"]
[PlyCount "65"]
[EventDate "2011.04.15"]

1. d4 Nf6 2. c4 g6 3. Nc3 d5 4. cxd5 Nxd5 5. e4 Nxc3 6. bxc3 Bg7 7. Bc4 c5 8.
Ne2 Nc6 9. Be3 O-O 10. O-O Bg4 11. f3 Na5 12. Bd3 cxd4 13. cxd4 Be6 14. d5 Bxa1
15. Qxa1 f6 16. Bh6 Re8 17. Kh1 Rc8 18. Nf4 Bd7 19. e5 Nc4 20. e6 Ba4 21. Nxg6
hxg6 22. Bxg6 Ne5 23. Be4 Bc2 24. Bxc2 Rxc2 25. Qd1 Rc5 26. f4 Rxd5 27. Qh5 Kh7
28. fxe5 Rxe5 29. Bg5+ Kg7 30. Qf7+ Kh8 31. h4 b5 32. Rxf6 Re1+ 33. Kh2 1-0